| 000 | 01858nam a2200337 a 4500 | ||
|---|---|---|---|
| 001 | ebr10654387 | ||
| 003 | CaPaEBR | ||
| 006 | m u | ||
| 007 | cr cn||||||||| | ||
| 008 | 070305s2007 nyua sbf 001 0 eng d | ||
| 010 | _z 2007009355 | ||
| 020 | _z9781933864143 (pbk.) | ||
| 020 | _z1933864141 (pbk.) | ||
| 020 | _z9781935281887 (e-book) | ||
| 040 |
_aCaPaEBR _cCaPaEBR |
||
| 035 | _a(OCoLC)828736910 | ||
| 050 | 1 | 4 |
_aRC376.5 _b.P73 2007eb |
| 082 | 0 | 4 |
_a616.8/3 _222 |
| 245 | 0 | 2 |
_aA practical approach to movement disorders _h[electronic resource] : _bdiagnosis and medical and surgical management / _cHubert H. Fernandez ... [et al.]. |
| 246 | 3 | 0 | _aMovement disorders |
| 260 |
_aNew York : _bDemos Medical Pub., _cc2007. |
||
| 300 |
_ax, 286 p. : _bill. |
||
| 504 | _aIncludes bibliographical references and index. | ||
| 505 | 0 | _aGetting started : the phenomenology of movement disorders -- Medical approach to movement disorders. The "dancing" patient ; The "jerky" patient ; The "shaky" patient ; The "shuffling" patient ; The "twisted" patient ; The "tic patient" ; The "unsteady" patient --Surgical approach to movement disorders. Key concepts for surgical therapy for Parkinson's disease and movement disorders -- Nonpharmacologic approach to movement disorders. Speech and swallowing therapy ; Physical and occupational therapy ; Nutritional considerations. | |
| 533 |
_aElectronic reproduction. _bPalo Alto, Calif. : _cebrary, _d2013. _nAvailable via World Wide Web. _nAccess may be limited to ebrary affiliated libraries. |
||
| 650 | 0 |
_aMovement disorders _vHandbooks, manuals, etc. |
|
| 655 | 7 |
_aElectronic books. _2local |
|
| 700 | 1 | _aFernandez, Hubert H. | |
| 710 | 2 | _aebrary, Inc. | |
| 856 | 4 | 0 |
_uhttp://site.ebrary.com/lib/rucke/Doc?id=10654387 _zAn electronic book accessible through the World Wide Web; click to view |
| 999 |
_c180333 _d180333 |
||